000 00825nam a2200253 a 4500
001 000013099
005 20240412074237.0
008 091120s1984 dr 000 p spa d
040 _aDO-SdBNP
_bspa
_cBNPHU
082 _aRD861.44
_bS211a
100 1 _aSánchez, Juan José
_930217
245 1 0 _aAntología /
_cJuan José Sánchez ; prólogo Manuel de Jesús Goico Castro.
260 _aSanto Domingo :
_bPublicaciones ONAP,
_c1984.
300 _a59 p. ;
_c21 cm.
490 1 _aLiteratura ;
_vno.2
490 1 _aONAP
650 4 _aPoesía dominicana
_xColecciones
_9351
650 0 _aLiteratura dominicana.
_967
700 1 _aGoico Castro, Jesús,
_epról.
_930218
710 1 _aSecretaría de Estado de Administración Pública
_930219
830 0 _aLiteratura ;
_vno. 2
_98095
830 _aONAP
_910860
049 _aBNPD
999 _c12741
_d12741